Educated : (Record no. 277)

MARC details
000 -LEADER
fixed length control field 07342cam a2201165 i 4500
005 - DATE AND TIME OF LATEST TRANSACTION
control field 20260322212013.0
008 - FIXED-LENGTH DATA ELEMENTS--GENERAL INFORMATION
fixed length control field data
010 ## - LIBRARY OF CONGRESS CONTROL NUMBER
LC control number 2017037645
020 ## - INTERNATIONAL STANDARD BOOK NUMBER
International Standard Book Number 0399590501
Qualifying information alk. paper)
-- alk. paper)
020 ## - INTERNATIONAL STANDARD BOOK NUMBER
International Standard Book Number 9780399590504
Qualifying information alk. paper)
-- alk. paper)
020 ## - INTERNATIONAL STANDARD BOOK NUMBER
International Standard Book Number 9780399590511
Qualifying information (ebook)
020 ## - INTERNATIONAL STANDARD BOOK NUMBER
International Standard Book Number 9781786330512
020 ## - INTERNATIONAL STANDARD BOOK NUMBER
International Standard Book Number 1786330512
020 ## - INTERNATIONAL STANDARD BOOK NUMBER
International Standard Book Number 9781443452472
020 ## - INTERNATIONAL STANDARD BOOK NUMBER
International Standard Book Number 1443452475
020 ## - INTERNATIONAL STANDARD BOOK NUMBER
International Standard Book Number 039959051X
020 ## - INTERNATIONAL STANDARD BOOK NUMBER
International Standard Book Number 9780399590511
024 8# - OTHER STANDARD IDENTIFIER
Standard number or code 99975605286
037 ## - SOURCE OF ACQUISITION
Source of stock number/acquisition Random House Inc, Attn Order Entry 400 Hahn rd, Westminster, MD, USA, 21157
Note SAN 201-3975
040 ## - CATALOGING SOURCE
Original cataloging agency DLC
Language of cataloging eng
Description conventions rda
Transcribing agency DLC
Modifying agency FAF
-- GK8
-- BLP
-- QX9
-- FM0
-- UAP
-- IUK
-- TXMAL
-- YDX
-- OCLCO
-- TJZ
-- IGA
-- WSD
-- RB0
-- TXGON
-- DGU
-- TXDRI
-- NDS
-- T2S
-- GYG
-- PRSPR
-- JZU
-- M3C
-- OCLCQ
-- OCLCO
-- D9M
-- MLY
-- PAU
-- O2C
-- LMR
-- EYP
-- CKK
-- BUR
-- TXLIV
-- XFF
-- OCLCQ
-- CTL
-- OCLCA
-- NZHWP
-- UAT
-- CPS
-- TFW
-- KFH
-- OCLCO
-- IC8
-- OCLCO
-- GZN
-- WCZ
-- OCLCO
-- HLNDP
-- TFH
-- PZG
-- TOH
-- OCLCF
-- UBC
-- FCK
-- AU@
-- OCLCO
-- JVH
-- PZX
-- UWO
-- IOG
-- WHCCD
-- VSI
-- OCLCQ
-- PZF
-- OCLCO
-- CNO
-- PZW
-- VKC
-- IAC
-- TME
-- TXHAR
-- NGU
-- OCLCO
-- UIU
-- ORE
-- OCLCO
-- CUY
-- WUN
-- OCLCO
-- TXSPI
-- NJB
-- OCLCO
-- AZU
-- LCPCL
-- HZG
-- JGQ
-- MND
-- WLU
-- OCLCO
-- KGI
-- NZD
-- TXVAN
-- MOB
-- ZCU
-- OCLCO
-- DF
-- dollar}dBTS
Modifying agency TXLBH
-- ROB
-- OCLCO
-- CGP
-- U3G
-- IDU
-- OCLCO
-- TWD
-- TXMAD
-- OCLCO
-- WUX
-- ICN
-- IB5
-- OCLCO
-- BVI
-- JXJ
-- DKC
-- CM2
-- OCLCO
-- FIC
-- FUG
-- FSS
-- OCLCO
-- LMJ
-- TL4
-- IOW
-- OCLCO
-- LKC
-- OCLCO
-- AZZPT
-- OCLCO
-- DMOPL
-- OCLCO
-- ZHC
-- OCLCO
-- SXQ
-- OCLCO
-- UTP
-- OCLCO
-- IDU
-- W8A
-- OCLCO
-- MBB
-- IDU
-- OCLCO
-- M{dollar}K
-- KR1
-- OCLCO
-- SVZ
-- T3Q
-- OCLCO
-- PZH
-- OCLCO
-- IDU
-- TX6
-- ZQP
-- OCLCO
-- B@L
-- VLW
-- XXWGB
-- OCLCO
-- MTWCL
-- OCLCO
-- MQS
-- OCLCO
-- TXSVP
-- OCLCQ
-- CHVBK
-- OCLCQ
-- STH
-- VJ2
-- OCLCA
-- OCLCQ
-- OCLCO
-- ALECL
-- OCLCO
-- BUF
-- OCLCO
-- WAU
-- OCLCO
-- OCLCQ
-- OCLCO
-- MMM
-- MIR
-- OCLCQ
-- OCLCO
-- FAF
042 ## - AUTHENTICATION CODE
Authentication code pcc
043 ## - GEOGRAPHIC AREA CODE
Geographic area code n-us---
-- n-us---
050 00 - LIBRARY OF CONGRESS CALL NUMBER
Classification number CT3262.I2
Item number W47 2018
082 00 - DEWEY DECIMAL CLASSIFICATION NUMBER
Classification number B
-- B
Edition information 23
082 04 - DEWEY DECIMAL CLASSIFICATION NUMBER
Classification number 305.90692
Edition information 23
084 ## - OTHER CLASSIFICATION NUMBER
Classification number BIO022000
-- BIO018000
-- BIO022000
Number source bisacsh
099 ## - LOCAL FREE-TEXT CALL NUMBER (OCLC)
Classification number WESTOT
001 - CONTROL NUMBER
control field data
100 1# - MAIN ENTRY--PERSONAL NAME
Personal name Westover, Tara,
Relator term author.
245 10 - TITLE STATEMENT
Title Educated :
Remainder of title a memoir /
Statement of responsibility, etc. Tara Westover.
264 #1 - PRODUCTION, PUBLICATION, DISTRIBUTION, MANUFACTURE, AND COPYRIGHT NOTICE
Place of production, publication, distribution, manufacture New York :
Name of producer, publisher, distributor, manufacturer Random House,
Date of production, publication, distribution, manufacture, or copyright notice [2018]
264 #4 - PRODUCTION, PUBLICATION, DISTRIBUTION, MANUFACTURE, AND COPYRIGHT NOTICE
Date of production, publication, distribution, manufacture, or copyright notice ♭2018
300 ## - PHYSICAL DESCRIPTION
Extent xiii, 334 pages ;
Dimensions 24 cm
336 ## - CONTENT TYPE
Content type term text
Content type code txt
Source rdacontent
337 ## - MEDIA TYPE
Media type term unmediated
Media type code n
Source rdamedia
338 ## - CARRIER TYPE
Carrier type term volume
Carrier type code nc
Source rdacarrier
505 00 - FORMATTED CONTENTS NOTE
Title Educated.
-- The midwife --
-- Cream shoes --
-- Apache women --
-- Honest dirt --
-- Shield and buckler --
-- The Lord will provide --
-- Tiny harlots --
-- Perfect in his generations --
-- Shield of feathers --
-- Instinct --
-- Fish eyes --
-- Silence in the churches --
-- My feet no longer touch Earth --
-- No more a child --
-- Disloyal man, disobedient heaven --
-- To keep it holy --
-- Blood and feathers --
-- In the beginning --
-- Recitals of the fathers --
-- Skullcap --
-- What we whispered and what we screamed --
-- I'm from Idaho --
-- A knight, errant --
-- The work of sulphur --
-- Waiting for the moving water --
-- If I were a woman --
-- Pygmalion --
-- Graduation --
-- Hand of the almighty --
-- Tragedy then farce --
-- A brawling woman in a wide house --
-- Sorcery of physics --
-- The substance of things --
-- West of the sun --
-- Four long arms, whirling --
-- Gambling for redemption --
-- Family --
-- Watching the buffalo --
-- Educated.
520 ## - SUMMARY, ETC.
Summary, etc. Tara Westover was seventeen the first time she set foot in a classroom. Born to survivalists in the mountains of Idaho, she prepared for the end of the world by stockpiling home-canned peaches and sleeping with her "head-for-the-hills bag." In the summer she stewed herbs for her mother, a midwife and healer, and in the winter she salvaged in her father's junkyard. Her father distrusted the medical establishment, so Tara never saw a doctor or nurse. Gashes and concussions, even burns from explosions, were all treated at home with herbalism. The family was so isolated from mainstream society that there was no one to ensure the children received an education, and no one to intervene when an older brother became violent. When another brother got himself into college and came back with news of the world beyond the mountain, Tara decided to try a new kind of life. She taught herself enough mathematics, grammar, and science to take the ACT and was admitted to Brigham Young University. There, she studied psychology, politics, philosophy, and history, learning for the first time about pivotal world events like the Holocaust and the Civil Rights Movement. Her quest for knowledge transformed her, taking her over oceans and across continents, to Harvard and to Cambridge University. Only then would she wonder if she'd traveled too far, if there was still a way home.
586 ## - AWARDS NOTE
Awards note Alex Award, 2019
586 ## - AWARDS NOTE
Awards note Andrew Carnegie Medal for Excellence in Nonfiction Longlist, 2019
586 ## - AWARDS NOTE
Awards note Chicago Public Library Best Top Ten Books, 2018
586 ## - AWARDS NOTE
Awards note John Leonard Prize Finalist, 2018
586 ## - AWARDS NOTE
Awards note Los Angeles Times Book Prize for Biography Finalist, 2018
586 ## - AWARDS NOTE
Awards note National Book Critics Circle Award for Autobiography Finalist, 2018
586 ## - AWARDS NOTE
Awards note NPR Best Books, 2018
586 ## - AWARDS NOTE
Awards note Reading Women Award for Nonfiction, 2018
586 ## - AWARDS NOTE
Awards note #1 New York Times Bestseller
600 10 - SUBJECT ADDED ENTRY--PERSONAL NAME
Personal name Westover, Tara
General subdivision Family.
600 17 - SUBJECT ADDED ENTRY--PERSONAL NAME
Personal name Westover, Tara.
Source of heading or term fast
600 17 - SUBJECT ADDED ENTRY--PERSONAL NAME
Personal name Westover, Tara
General subdivision Family.
Source of heading or term sears
650 #0 - SUBJECT ADDED ENTRY--TOPICAL TERM
Topical term or geographic name entry element Women
Geographic subdivision Idaho
Form subdivision Biography.
650 #0 - SUBJECT ADDED ENTRY--TOPICAL TERM
Topical term or geographic name entry element Survivalism
Geographic subdivision Idaho
Form subdivision Biography.
650 #0 - SUBJECT ADDED ENTRY--TOPICAL TERM
Topical term or geographic name entry element Preparedness
Form subdivision Biography.
650 #0 - SUBJECT ADDED ENTRY--TOPICAL TERM
Topical term or geographic name entry element Mormons
Geographic subdivision Idaho
Form subdivision Biography.
650 #0 - SUBJECT ADDED ENTRY--TOPICAL TERM
Topical term or geographic name entry element Home schooling
Geographic subdivision Idaho
Form subdivision Anecdotes.
650 #0 - SUBJECT ADDED ENTRY--TOPICAL TERM
Topical term or geographic name entry element Women college students
Geographic subdivision United States
Form subdivision Biography.
650 #0 - SUBJECT ADDED ENTRY--TOPICAL TERM
Topical term or geographic name entry element Victims of family violence
Geographic subdivision Idaho
Form subdivision Biography.
650 #0 - SUBJECT ADDED ENTRY--TOPICAL TERM
Topical term or geographic name entry element Adult children of dysfunctional families
Geographic subdivision Idaho
Form subdivision Biography.
650 #0 - SUBJECT ADDED ENTRY--TOPICAL TERM
Topical term or geographic name entry element Subculture
Geographic subdivision Idaho.
650 12 - SUBJECT ADDED ENTRY--TOPICAL TERM
Topical term or geographic name entry element Anecdotes
650 #2 - SUBJECT ADDED ENTRY--TOPICAL TERM
Topical term or geographic name entry element Education, Nonprofessional.
650 #7 - SUBJECT ADDED ENTRY--TOPICAL TERM
Topical term or geographic name entry element BIOGRAPHY & AUTOBIOGRAPHY
General subdivision Personal Memoirs.
Source of heading or term bisacsh
650 #7 - SUBJECT ADDED ENTRY--TOPICAL TERM
Topical term or geographic name entry element BIOGRAPHY & AUTOBIOGRAPHY
General subdivision Religious.
Source of heading or term bisacsh
650 #7 - SUBJECT ADDED ENTRY--TOPICAL TERM
Topical term or geographic name entry element BIOGRAPHY & AUTOBIOGRAPHY
General subdivision Women.
Source of heading or term bisacsh
650 #7 - SUBJECT ADDED ENTRY--TOPICAL TERM
Topical term or geographic name entry element Christian biography.
Source of heading or term fast
650 #7 - SUBJECT ADDED ENTRY--TOPICAL TERM
Topical term or geographic name entry element Families.
Source of heading or term fast
650 #7 - SUBJECT ADDED ENTRY--TOPICAL TERM
Topical term or geographic name entry element Home schooling.
Source of heading or term fast
650 #7 - SUBJECT ADDED ENTRY--TOPICAL TERM
Topical term or geographic name entry element Rural conditions.
Source of heading or term fast
650 #7 - SUBJECT ADDED ENTRY--TOPICAL TERM
Topical term or geographic name entry element Subculture.
Source of heading or term fast
650 #7 - SUBJECT ADDED ENTRY--TOPICAL TERM
Topical term or geographic name entry element Survivalism.
Source of heading or term fast
650 #7 - SUBJECT ADDED ENTRY--TOPICAL TERM
Topical term or geographic name entry element Victims of family violence.
Source of heading or term fast
650 #7 - SUBJECT ADDED ENTRY--TOPICAL TERM
Topical term or geographic name entry element Women.
Source of heading or term fast
650 #7 - SUBJECT ADDED ENTRY--TOPICAL TERM
Topical term or geographic name entry element Women college students.
Source of heading or term fast
650 #7 - SUBJECT ADDED ENTRY--TOPICAL TERM
Topical term or geographic name entry element Christian biography.
Source of heading or term sears
650 #7 - SUBJECT ADDED ENTRY--TOPICAL TERM
Topical term or geographic name entry element Counter culture
Geographic subdivision Idaho.
Source of heading or term sears
650 #7 - SUBJECT ADDED ENTRY--TOPICAL TERM
Topical term or geographic name entry element College students
Geographic subdivision United States
Form subdivision Biography.
Source of heading or term sears
650 #7 - SUBJECT ADDED ENTRY--TOPICAL TERM
Topical term or geographic name entry element Home schooling
Geographic subdivision Idaho
Form subdivision Anecdotes.
Source of heading or term sears
650 #7 - SUBJECT ADDED ENTRY--TOPICAL TERM
Topical term or geographic name entry element Survivalism
Geographic subdivision Idaho
Form subdivision Biography.
Source of heading or term sears
650 #7 - SUBJECT ADDED ENTRY--TOPICAL TERM
Topical term or geographic name entry element Women
Geographic subdivision Idaho
Form subdivision Biography.
Source of heading or term sears
651 #0 - SUBJECT ADDED ENTRY--GEOGRAPHIC NAME
Geographic name Idaho
General subdivision Rural conditions
Form subdivision Anecdotes.
651 #0 - SUBJECT ADDED ENTRY--GEOGRAPHIC NAME
Geographic name Idaho
Form subdivision Biography.
651 #1 - SUBJECT ADDED ENTRY--GEOGRAPHIC NAME
Geographic name Idaho
General subdivision Rural conditions
Form subdivision Anecdotes.
651 #1 - SUBJECT ADDED ENTRY--GEOGRAPHIC NAME
Geographic name Idaho
Form subdivision Biography.
651 #7 - SUBJECT ADDED ENTRY--GEOGRAPHIC NAME
Geographic name Idaho.
Source of heading or term fast
651 #7 - SUBJECT ADDED ENTRY--GEOGRAPHIC NAME
Geographic name United States.
Source of heading or term fast
651 #7 - SUBJECT ADDED ENTRY--GEOGRAPHIC NAME
Geographic name Idaho
Form subdivision Biography.
Source of heading or term sears
651 #7 - SUBJECT ADDED ENTRY--GEOGRAPHIC NAME
Geographic name Idaho
General subdivision Rural conditions
Form subdivision Anecdotes.
Source of heading or term sears
655 #0 - INDEX TERM--GENRE/FORM
Genre/form data or focus term Christian biography.
655 #4 - INDEX TERM--GENRE/FORM
Genre/form data or focus term Autobiographies.
655 #4 - INDEX TERM--GENRE/FORM
Genre/form data or focus term Biographies.
655 #4 - INDEX TERM--GENRE/FORM
Genre/form data or focus term Biography.
655 #4 - INDEX TERM--GENRE/FORM
Genre/form data or focus term Anecdotes.
655 #4 - INDEX TERM--GENRE/FORM
Genre/form data or focus term Autobiography.
655 #7 - INDEX TERM--GENRE/FORM
Genre/form data or focus term Autobiography.
Source of term fast
655 #7 - INDEX TERM--GENRE/FORM
Genre/form data or focus term Autobiographies.
Source of term lcgft
655 #7 - INDEX TERM--GENRE/FORM
Genre/form data or focus term Anecdotes.
Source of term lcgft
655 #7 - INDEX TERM--GENRE/FORM
Genre/form data or focus term Autobiography.
Source of term lcgft
655 #7 - INDEX TERM--GENRE/FORM
Genre/form data or focus term Autobiography.
Source of term tlcgt
Holdings
Withdrawn status Lost status Damaged status Not for loan Home library Current library Shelving location Date acquired Total checkouts Full call number Barcode Date last seen Price effective from Koha item type
        Union Union General stacks 22/03/2026   270.092 B 23 BC0010286 22/03/2026 22/03/2026 Books